| 000 | 00824cam a2200241 4500 | ||
|---|---|---|---|
| 001 | ABS61392 | ||
| 008 | 000000n1999 000 0 eng u | ||
| 035 | _a(Sirsi) u100496 | ||
| 100 | _aOffen, G. | ||
| 245 | _aConveyancers are warned of contamination dangers. | ||
| 260 | _c1999 | ||
| 490 |
_aCSM _bChartered Surveyor Monthly _v9(1) September 1999, 30-31(2) |
||
| 520 | _aOwners of new houses will be protected against the discovery of contaminated land with a new Buildmark scheme. However, protection only covers houses built on sites registered after 1 April 1999. Discusses the safeguards available. | ||
| 590 | _aABS | ||
| 650 | _aCONTAMINATED LAND | ||
| 650 | _aBUILDMARK | ||
| 650 | _aWARRANTIES | ||
| 650 | _aNEW HOUSES | ||
| 650 | _aNHBC | ||
| 690 | _aLAND | ||
| 700 | _aWilbourn, P. | ||
| 942 | _n0 | ||
| 999 |
_c60126 _d60126 |
||